Score 0/6 Timer 05:00
0 Plays Today
Reigned King/Queen % Correct
1980-presentBeatrix
90.2%
1890-1948Wilhelmina
80.4%
1948-1980Juliana
79.2%
1815-1840William I
74.3%
1840-1849William II
74.3%
1849-1890William III
73.2%

You're not logged in!

Compare scores with friends on all Sporcle quizzes.
OR
Log In

Sporcle TV

Today on Sporcle TV


Watch our educational content, quiz creation guides, and fun videos on Sporcle TV.

Show Comments

Extras

Top Quizzes Today


Score Distribution

Paid Content

Your Account Isn't Verified!

In order to create a playlist on Sporcle, you need to verify the email address you used during registration. Go to your Sporcle Settings to finish the process.

Report this User

Report this user for behavior that violates our Community Guidelines.

Details: